Es gibt mindestens 50... - Sudden Death - Statistiken

Allgemein
  • Dieses Quiz wurde 665 mal gespielt
    588 seit der letzten Aktualisierung
  • Das Durchschnittsergebnis liegt bei 3 aus 21
Answers on the Grid
Answers color-coded by a green-red scale on the quiz's grid according to % correct below.
...Länder in Afrika
...Staaten in den Vereinigten Staaten
...Staaten, die den Kosovo anerkennen
...Wochen in einem Jahr
...Milliardäre in Deutschland
...natürliche Satelliten um den Saturn
...Länder mit mehr Einwohnern als Australien
...Berge mit einer Höhe von über 6000 Metern über dem Meeresspiegel
...Quadrate auf einem Schachbrett
...Länder, deren Flagge die Farbe Schwarz hat
...Städte mit mehr als einer Million Einwohnern in China
...Länder, die mindestens 50 Medaillen bei den Olympischen Sommerspielen gewonnen haben
...Länder im Commonwealth of Nations
...Bücher in der Bibel
...Sportler, die die 100 Meter in weniger als 10 Sekunden gelaufen sind
...Millionen von Bakterien, die im menschlichen Körper leben
...Sprachen, die von mindestens 20 Millionen Menschen gesprochen werden
...parlamentarische Republiken auf der Welt
...Tennisspieler, die ein Grand-Slam-Turnier gewonnen haben
...Metalle im Periodensystem
...russische Rubel in einem Dollar
...Hauptstädte, die weiter südlich als der Äquator liegen
...Muskeln in der Hand
...Mannschaften, die die Champions League gewonnen haben
...Diagonalen in einem Sechseck
...Länder, die größer sind als Frankreich
...Fußballspieler, die zwei Weltmeisterschaften gewonnen haben
...Buchstaben im russischen kyrillischen Alphabet
...Neutronen in einem Kupferatom
...Teiler der Zahl 1000000
...Meter in 50 Yards
...Präsidenten in der Geschichte der USA
...Länder, die an den Indischen Ozean grenzen
...Päpste mit einem Pontifikat von weniger als einem Jahr
...astronomische Einheiten der Entfernung zwischen der Sonne und Neptun
...Länder, die an Russland oder China grenzen
...lebende Veteranen des Ersten Weltkriegs
...Binnenländer
...Länder, die nicht an andere Länder grenzen
...Mannschaften, die am Super Bowl teilgenommen haben
...Zähne im Mund eines Menschen
...Paare von Spinalnerven im menschlichen Körper
 
Antwortstatistiken
Antwort % Korrekt
...Wochen in einem Jahr
45%
...Staaten in den Vereinigten Staaten
40%
...Länder in Afrika
37%
...Quadrate auf einem Schachbrett
28%
...Millionen von Bakterien, die im menschlichen Körper leben
27%
...Länder mit mehr Einwohnern als Australien
17%
...Metalle im Periodensystem
13%
...Staaten, die den Kosovo anerkennen
13%
...Städte mit mehr als einer Million Einwohnern in China
13%
...Länder, deren Flagge die Farbe Schwarz hat
11%
...Milliardäre in Deutschland
11%
...Tennisspieler, die ein Grand-Slam-Turnier gewonnen haben
11%
...parlamentarische Republiken auf der Welt
10%
...Berge mit einer Höhe von über 6000 Metern über dem Meeresspiegel
9%
...Bücher in der Bibel
9%
...natürliche Satelliten um den Saturn
9%
...russische Rubel in einem Dollar
9%
...Sportler, die die 100 Meter in weniger als 10 Sekunden gelaufen sind
7%
...Länder im Commonwealth of Nations
6%
...Sprachen, die von mindestens 20 Millionen Menschen gesprochen werden
6%
...Länder, die mindestens 50 Medaillen bei den Olympischen Sommerspielen gewonnen haben
5%
Keine übereinstimmenden Quizze gefunden
Verteilung der Resultate
Anzahl Personen mit jedem Resultat
Perzentil nach korrekt beantworteten Fragen
Ihre Resultats-Entwicklung
Sie haben dieses Quiz seit der letzten Aktualisierung nicht gespielt